後北条氏サドンデス - Statistics

General Stats
  • This quiz has been taken 12 times
  • The average score is 4 of 6
Answers on the Grid
Answers color-coded by a green-red scale on the quiz's grid according to % correct below.
北条早雲
伊勢宗瑞
北条氏綱
北条氏康
北条氏政
北条氏直
伊勢弥次郎
北条幻庵
北条泰時
北条義時
北条時宗
北条高時
北条高広
北条綱成
北条氏親
上杉景虎
大石氏照
北条氏規
藤田氏邦
北条氏光
北条氏秀
北条氏繁
千葉直胤
北条繁広
北条政子
赤橋登子
北条宗時
北条政村
北条時氏
北条大池・運動公園入口
 
Answer Stats
Answer % Correct
北条早雲
82%
北条氏康
82%
北条氏政
82%
北条氏綱
64%
北条氏直
64%
伊勢宗瑞
36%
No matching quizzes found
Score Distribution
Percent of People with Each Score
Percentile by Number Answered
Your Score History
You have not taken this quiz